Физика и физико-химия жидкостей: сборник статей

Bibliografski detalji
Jezik:ruski
Izdano: Москва, Изд-во Московского ун-та, 1972-1980
Format: Serijal
KOHA link:https://koha.lib.tpu.ru/cgi-bin/koha/opac-detail.pl?biblionumber=134867

MARC

LEADER 00000nas1a2200000 4500
001 134867
005 20231211115708.0
035 |a (RuTPU)RU\TPU\book\146178 
090 |a 134867 
100 |a 20080404b19721980k||y0rusy50 ca 
101 0 |a rus 
102 |a RU 
110 |a zyyz 0yy0 
200 1 |a Физика и физико-химия жидкостей  |e сборник статей 
210 |a Москва  |c Изд-во Московского ун-та  |d 1972-1980 
801 1 |a RU  |b 63413507  |c 20080204  |g PSBO 
801 2 |a RU  |b 63413507  |c 20210414  |g PSBO 
942 |c CR